000 00562nam a2200205Ia 4500
005 20250326144418.0
008 250326s9999 xx 000 0 und d
037 _aTextbook
040 _aFMSL
_beng
_cFMSL
041 _aeng
_2eng
084 _aX:74y7 P5;1
_qFMSL
100 _aHitt M A
_9742691
245 0 _aStrategic management
_cHitt M A; Ireland R D And Others
250 _a6
260 _aUnited Kingdom
_bUnited Kingdom, Thomson
_c2005
300 _a512p
365 _b1390
942 _cTB
_hX:74y7 P5;1
999 _c1303612
_d1303612